[Event "12. Longericher Sommer-Open B"]
[Site "Köln"]
[Date "2015.07.31"]
[Round "1.1"]
[White "Jantz, Heiko"]
[Black "Pislaru, Marius"]
[Result "0-1"]
[WhiteElo "1713"]
[BlackElo "1556"]
[PlyCount "56"]
[EventDate "2015.??.??"]
[WhiteTeam "SF Sinzig"]
[BlackTeam "SG Porz"]

1. c4 Nf6 2. Nc3 c5 3. Nf3 g6 4. g3 Bg7 5. Bg2 O-O 6. O-O d5 7. cxd5 Nxd5 8. e3
Bg4 9. Qb3 Nb6 10. Ne2 Be6 11. Qc2 Bc4 12. Re1 Nc6 13. a3 Na5 14. d4 Nb3 15.
Rb1 Rc8 16. Rd1 Bd5 17. dxc5 Rxc5 18. Qd3 Qc7 19. Nd2 Nxd2 20. Qxd2 Bb3 21. Re1
Rd8 22. Nd4 Bc2 23. b4 Rc4 24. Rb2 Bxd4 25. exd4 Rdxd4 26. Qe2 Na4 27. Qxe7
Qxe7 28. Rxe7 Rd1+ 0-1

[Event "12. Longericher Sommer-Open B"]
[Site "Köln"]
[Date "2015.07.31"]
[Round "1.2"]
[White "Thierkopf, Constantin"]
[Black "Leschin, Hendrik"]
[Result "0-1"]
[WhiteElo "1551"]
[BlackElo "1699"]
[PlyCount "102"]
[EventDate "2015.??.??"]
[WhiteTeam "Brühler SK"]
[BlackTeam "SF Köln-Mülheim"]

1. e4 e6 2. d4 d5 3. exd5 exd5 4. Bd3 Bd6 5. Nf3 Ne7 6. O-O O-O 7. Re1 Bf5 8.
Bxf5 Nxf5 9. Qd3 Ne7 10. Nbd2 Nd7 11. c4 dxc4 12. Nxc4 Nb6 13. Ng5 Ng6 14. Nxd6
Qxd6 15. h4 h6 16. h5 hxg5 17. hxg6 Qxg6 18. Qxg6 fxg6 19. Bxg5 Rae8 20. Re5
Rxe5 21. dxe5 Kf7 22. Rd1 Ke6 23. f4 Nd5 24. g3 Rh8 25. Rd3 c5 26. Bh4 Nxf4 27.
Ra3 Nd5 28. Rxa7 Rb8 29. Ra5 Rc8 30. Ra7 Rc7 31. g4 Kxe5 32. Bg3+ Nf4 33. Ra4
g5 34. Kf2 Rd7 35. Rc4 Kd5 36. Rc2 Re7 37. Rd2+ Kc4 38. Kf3 Rf7 39. Ke3 Re7+
40. Kf3 Ng6 41. Rc2+ Kb5 42. Bd6 Nh4+ 43. Kf2 Rf7+ 44. Ke3 b6 45. Ke4 Kc6 46.
Bb8 Rd7 47. Be5 Re7 48. Rd2 Re6 49. Rd3 Ng6 50. Kf5 Nxe5 51. Rd2 Rd6 0-1

[Event "12. Longericher Sommer-Open B"]
[Site "Köln"]
[Date "2015.07.31"]
[Round "1.3"]
[White "Margenberg, Volker"]
[Black "Zimmer, Elmar"]
[Result "1-0"]
[WhiteElo "1693"]
[BlackElo "1537"]
[PlyCount "65"]
[EventDate "2015.??.??"]
[WhiteTeam "SV Wiehl"]
[BlackTeam "SC Kettig"]

1. d4 Nf6 2. Nf3 e6 3. Bg5 Be7 4. c4 d5 5. Nc3 O-O 6. e3 c6 7. Bd3 b6 8. O-O
Nbd7 9. Re1 Bb7 10. Qe2 g6 11. h3 Rc8 12. Bh6 Re8 13. e4 dxe4 14. Nxe4 Nxe4 15.
Bxe4 f5 16. Bd3 Bf6 17. Rad1 Qc7 18. Qd2 e5 19. dxe5 Nxe5 20. Nxe5 Bxe5 21. b3
c5 22. Qg5 Qf7 23. g4 fxg4 24. Rxe5 Qf3 25. Rd5 Qxd1+ 26. Kh2 Qf3 27. Qd2 Bxd5
28. cxd5 gxh3 29. Bf1 Qh5 30. d6 Rcd8 31. Bc4+ Kh8 32. Bg5 Rxd6 33. Qc3+ 1-0

[Event "12. Longericher Sommer-Open B"]
[Site "Köln"]
[Date "2015.07.31"]
[Round "1.4"]
[White "Gail, Edgar"]
[Black "Ipekyilmaz, Tayfun"]
[Result "1-0"]
[WhiteElo "1529"]
[BlackElo "1692"]
[PlyCount "51"]
[EventDate "2015.??.??"]
[WhiteTeam "Klub Kölner SF"]
[BlackTeam "Langenfelder SF"]

1. e4 e5 2. Nf3 Nc6 3. Bb5 f5 4. Nc3 fxe4 5. Nxe4 Nf6 6. d3 d6 7. Bg5 Be7 8.
O-O Nxe4 9. Bxe7 Qxe7 10. dxe4 Bd7 11. Qd2 h6 12. Rad1 O-O-O 13. a4 g5 14. Ne1
g4 15. a5 a6 16. Bc4 Rdf8 17. b4 Be6 18. Bd3 Qf7 19. b5 axb5 20. Bxb5 Bc4 21.
Bxc4 Qxc4 22. Ra1 Qxe4 23. a6 bxa6 24. Rxa6 Kd7 25. Nd3 h5 26. Nc5+ 1-0

[Event "12. Longericher Sommer-Open B"]
[Site "Köln"]
[Date "2015.07.31"]
[Round "1.5"]
[White "Sewald, Richard"]
[Black "Kähnert, Marc"]
[Result "1-0"]
[WhiteElo "1665"]
[BlackElo "1516"]
[PlyCount "51"]
[EventDate "2015.??.??"]
[WhiteTeam "SG Porz"]
[BlackTeam "SC Bayer Uerdingen"]

1. Nf3 d5 2. d3 Nf6 3. g3 c6 4. Bg2 Bf5 5. Nbd2 Nbd7 6. c4 e6 7. a3 Qa5 8. b4
Bxb4 9. Qb3 Bxd2+ 10. Bxd2 Qb6 11. Qc2 O-O 12. O-O Qa6 13. c5 b6 14. cxb6 Qxb6
15. Rab1 Qa6 16. Nd4 Rfc8 17. Nxf5 exf5 18. Rb3 Rab8 19. Rfb1 Rxb3 20. Rxb3 h6
21. Qc1 Kh7 22. Bh3 Kg6 23. Qb1 d4 24. e4 fxe4 25. dxe4 d3 26. Bf5+ 1-0

[Event "12. Longericher Sommer-Open B"]
[Site "Köln"]
[Date "2015.07.31"]
[Round "1.6"]
[White "Beißel, Daniel"]
[Black "Liebsch, Ulrich"]
[Result "0-1"]
[WhiteElo "1513"]
[BlackElo "1659"]
[PlyCount "116"]
[EventDate "2015.??.??"]
[WhiteTeam "SV Horrem"]
[BlackTeam "SC Bayer Leverkusen"]

1. d4 f5 2. Nf3 Nf6 3. e3 e6 4. Bd3 Be7 5. c4 O-O 6. c5 b6 7. b4 Bb7 8. a3 a5
9. Bb2 axb4 10. axb4 Rxa1 11. Bxa1 Nc6 12. Qb3 Nd5 13. Bc3 Qa8 14. O-O bxc5 15.
bxc5 Ba6 16. Qc2 Ncb4 17. Bxb4 Nxb4 18. Qa4 Bxd3 19. Qxb4 Bxf1 20. Kxf1 Rb8 21.
Qe1 Qa1 22. Nbd2 Qxe1+ 23. Kxe1 d6 24. cxd6 cxd6 25. Ke2 Rb2 26. Kd3 Kf7 27. h4
h6 28. Kc3 Ra2 29. Kb3 Ra1 30. Kb2 Ra8 31. Kc3 Rc8+ 32. Kd3 Bd8 33. Nc4 Ke7 34.
g3 Rb8 35. Nfd2 Rb5 36. Ke2 Ba5 37. Nxa5 Rxa5 38. Kf3 Ra2 39. Nf1 Kf6 40. Nh2
h5 41. Kg2 e5 42. Nf3 Ra4 43. Kf1 f4 44. dxe5+ dxe5 45. exf4 exf4 46. Kg2 Kf5
47. Nh2 Ke4 48. f3+ Ke3 49. Nf1+ Ke2 50. gxf4 Rxf4 51. Nh2 Rxh4 52. Kg3 Rxh2
53. Kxh2 Kxf3 54. Kh3 g5 55. Kh2 g4 56. Kg1 g3 57. Kf1 g2+ 58. Kg1 h4 0-1

[Event "12. Longericher Sommer-Open B"]
[Site "Köln"]
[Date "2015.07.31"]
[Round "1.7"]
[White "Plitt, Stefan"]
[Black "Yon, Gregory"]
[Result "1-0"]
[WhiteElo "1655"]
[BlackElo "1506"]
[PlyCount "85"]
[EventDate "2015.??.??"]
[WhiteTeam "SV Grünfeld"]

1. c4 e5 2. Nc3 Nf6 3. Nf3 Nc6 4. e3 d5 5. cxd5 Nxd5 6. Bb5 Qd6 7. O-O Be7 8.
e4 Nf4 9. d4 exd4 10. Nxd4 O-O 11. Nxc6 bxc6 12. Bxf4 Qxf4 13. Bxc6 Rb8 14. Nd5
Qe5 15. Nxe7+ Qxe7 16. Qc2 Qf6 17. b3 Rb6 18. Rac1 Qg6 19. e5 Bf5 20. Qc3 h5
21. g3 Rd8 22. Bg2 c6 23. Rfd1 Rxd1+ 24. Rxd1 Be4 25. Qe3 Bxg2 26. Kxg2 Qc2 27.
Qf3 Qg6 28. Rd4 Rb5 29. Rd6 Qg5 30. Rxc6 Rxe5 31. Rc8+ Kh7 32. Qxf7 Rf5 33.
Qxa7 Ra5 34. Qd4 Rd5 35. Qe4+ Rf5 36. Rc5 g6 37. Rxf5 gxf5 38. Qf4 Qf6 39. h4
Qc6+ 40. Qf3 Qe4 41. Qxe4 fxe4 42. f3 e3 43. Kf1 1-0

[Event "12. Longericher Sommer-Open B"]
[Site "Köln"]
[Date "2015.07.31"]
[Round "1.9"]
[White "Kürten, Lothar"]
[Black "Klein, Andreas"]
[Result "1-0"]
[WhiteElo "1606"]
[BlackElo "1483"]
[PlyCount "63"]
[EventDate "2015.??.??"]
[WhiteTeam "SF Köln-Longerich"]
[BlackTeam "Klub Kölner SF"]

1. e4 e6 2. d4 d5 3. Nc3 Bb4 4. e5 c5 5. a3 Bxc3+ 6. bxc3 Ne7 7. Qg4 Qc7 8.
Qxg7 Rg8 9. Qxh7 cxd4 10. Ne2 dxc3 11. Qd3 Qxe5 12. Bf4 Qf6 13. h4 Nbc6 14. Bg5
Qh8 15. Rh3 d4 16. O-O-O e5 17. Rf3 Rg6 18. Bxe7 Kxe7 19. Qc4 Be6 20. Qc5+ Ke8
21. g3 Bg4 22. Rfd3 Bf5 23. Nxd4 exd4 24. Qxf5 Qe5 25. Qxe5+ Nxe5 26. Rxd4 Ng4
27. Bb5+ Kf8 28. Rf4 a6 29. Bc4 Ne5 30. Bd5 Rb8 31. Re1 f6 32. Rxe5 1-0

[Event "12. Longericher Sommer-Open B"]
[Site "Köln"]
[Date "2015.07.31"]
[Round "1.10"]
[White "Köllner, Aaron Noah"]
[Black "Schwab, Wolfgang"]
[Result "1-0"]
[WhiteElo "1478"]
[BlackElo "1584"]
[PlyCount "129"]
[EventDate "2015.??.??"]
[WhiteTeam "SV Bergneustadt/Derschlag"]
[BlackTeam "SV Turm Sankt Augustin"]

1. d4 g6 2. Nf3 Bg7 3. e3 d6 4. c4 e6 5. Nc3 a6 6. Be2 Ne7 7. O-O b6 8. b4 c5
9. Qb3 cxb4 10. Qxb4 Nbc6 11. Qb3 Qc7 12. Rb1 Rb8 13. Bd2 Na5 14. Qc2 O-O 15.
Na4 Nac6 16. Rfc1 Bd7 17. Rb2 Na7 18. Nc3 b5 19. cxb5 Bxb5 20. Bxb5 Nxb5 21.
Qb1 Na3 22. Qa1 Rxb2 23. Qxb2 Nc4 24. Ne4 d5 25. Neg5 Qxh2+ 26. Kxh2 Nxb2 27.
Rc7 Re8 28. Ra7 h6 29. Nh3 Nc4 30. Rxa6 g5 31. g4 h5 32. Kg3 h4+ 33. Kg2 f5 34.
Bb4 fxg4 35. Rxe6 gxf3+ 36. Kxf3 Bf8 37. Nxg5 Nb2 38. Bd6 Nc4 39. Bc5 Nd2+ 40.
Kg4 Ne4 41. Nxe4 dxe4 42. Rxe4 Kf7 43. Kg5 Bg7 44. Rxe7+ Rxe7 45. Bxe7 Kxe7 46.
Kxh4 Ke6 47. a4 Bf6+ 48. Kg4 Bd8 49. e4 Bb6 50. d5+ Ke5 51. f3 Ba5 52. Kg3 Be1+
53. Kg2 Bc3 54. Kf2 Bb4 55. Ke2 Kf4 56. Kd3 Kxf3 57. Kd4 Ba5 58. d6 Kf4 59. Kd5
Kg5 60. Ke6 Kg6 61. Ke7 Kg5 62. d7 Kf4 63. d8=Q Bxd8+ 64. Kxd8 Kxe4 65. Kc7 1-0

[Event "12. Longericher Sommer-Open B"]
[Site "Köln"]
[Date "2015.07.31"]
[Round "1.11"]
[White "Memmesheimer, Thomas"]
[Black "Fischer, Bastian"]
[Result "1/2-1/2"]
[WhiteElo "1579"]
[BlackElo "1476"]
[PlyCount "73"]
[EventDate "2015.??.??"]
[WhiteTeam "SF Seelscheid"]
[BlackTeam "SC Vaterstetten"]

1. d4 e5 2. dxe5 Nc6 3. Nf3 Qe7 4. Nc3 Nxe5 5. e3 Nf6 6. Be2 c6 7. Qd4 Nxf3+ 8.
Bxf3 Qd6 9. O-O Qc7 10. e4 Bd6 11. e5 Bxe5 12. Re1 d6 13. Bf4 O-O 14. Bxe5 dxe5
15. Rxe5 Rd8 16. Qe3 Bg4 17. Re1 Be6 18. h3 Kf8 19. Be2 a6 20. Bd3 Nd5 21. Nxd5
Bxd5 22. Qc5+ Kg8 23. Re7 Qc8 24. Qb6 Rd7 25. Bf5 Rxe7 26. Rxe7 Qxf5 27. Qxb7
Qc8 28. Qb4 Qf8 29. Qb7 Qb8 30. Qd7 Qc8 31. Qd6 Qb8 32. Qd7 h6 33. b3 Qc8 34.
Qd6 Qf8 35. Qc7 Re8 36. Rd7 Rc8 37. Qb7 1/2-1/2

[Event "12. Longericher Sommer-Open B"]
[Site "Köln"]
[Date "2015.07.31"]
[Round "1.12"]
[White "Breuer, Achim"]
[Black "Falge, Rainer"]
[Result "0-1"]
[WhiteElo "1467"]
[BlackElo "1572"]
[PlyCount "62"]
[EventDate "2015.??.??"]
[WhiteTeam "SV Bayer Dormagen"]
[BlackTeam "SG Solingen"]

1. d4 d6 2. c4 Nf6 3. Nc3 g6 4. e4 Bg7 5. f4 O-O 6. Nf3 e6 7. Be2 Nc6 8. Be3
Ng4 9. Qd3 Nb4 10. Qd2 Nxe3 11. Bd3 Nxg2+ 12. Kf2 Nxf4 13. Bf1 e5 14. d5 Bg4
15. h4 Bxf3 16. Kxf3 Qf6 17. Ke3 Bh6 18. Qh2 Nfxd5+ 19. Ke2 Nxc3+ 20. bxc3 Na6
21. h5 Bf4 22. Qh3 g5 23. Bg2 Qe6 24. Qf3 Nc5 25. Bf1 Qxc4+ 26. Kf2 Qxc3 27.
Bd3 Qxd3 28. Qg4 Nxe4+ 29. Kg2 Qd2+ 30. Kf3 Qe3+ 31. Kg2 f5 0-1

[Event "12. Longericher Sommer-Open B"]
[Site "Köln"]
[Date "2015.07.31"]
[Round "1.13"]
[White "Sewald, Jörg"]
[Black "Vjazner, Lilian"]
[Result "0-1"]
[WhiteElo "1565"]
[BlackElo "1465"]
[PlyCount "128"]
[EventDate "2015.??.??"]
[WhiteTeam "SF Esch"]
[BlackTeam "Klub Kölner SF"]

1. g3 Nf6 2. Bg2 e5 3. b3 Nc6 4. Bb2 d6 5. h3 Bf5 6. d3 g6 7. Nd2 Bg7 8. e3 Qe7
9. Ne2 O-O 10. g4 Bd7 11. Ng3 Rad8 12. g5 Ne8 13. h4 f5 14. gxf6 Qxf6 15. Nde4
Qf7 16. Qf3 Qxf3 17. Bxf3 Nf6 18. Nxf6+ Rxf6 19. Ke2 Rdf8 20. Rag1 Ne7 21. Rg2
Bc6 22. Bxc6 Nxc6 23. Ne4 R6f7 24. a3 d5 25. Ng5 Re7 26. a4 Rf6 27. Ba3 Re8 28.
c4 d4 29. Ne4 Rf5 30. b4 Bf8 31. c5 Ne7 32. h5 b6 33. cxb6 cxb6 34. Nd6 Rd8 35.
Nxf5 Nxf5 36. hxg6 hxg6 37. Rxg6+ Kf7 38. Rc6 dxe3 39. fxe3 Ng3+ 40. Kf3 Nxh1
41. Bb2 Bg7 42. Kg2 Rxd3 43. Kxh1 Rd1+ 44. Kg2 Rd2+ 45. Kf3 Rxb2 46. b5 Rb4 47.
Rc7+ Kf6 48. Rxa7 Bf8 49. e4 Bc5 50. Ra6 Kg5 51. Ra8 Rb3+ 52. Kg2 Kf4 53. a5
Rxb5 54. a6 Rb2+ 55. Kf1 b5 56. Rc8 Bd4 57. Ra8 Kxe4 58. a7 Ra2 59. Rb8 Rxa7
60. Rxb5 Kf3 61. Ke1 Be3 62. Kd1 e4 63. Rf5+ Bf4 64. Rh5 e3 0-1

[Event "12. Longericher Sommer-Open B"]
[Site "Köln"]
[Date "2015.07.31"]
[Round "1.14"]
[White "Kolbasnikov, Igor"]
[Black "Havenith, Julia"]
[Result "1/2-1/2"]
[WhiteElo "1463"]
[BlackElo "1564"]
[PlyCount "27"]
[EventDate "2015.??.??"]
[WhiteTeam "SF Köln-Longerich"]
[BlackTeam "SV Würselen"]

1. e4 e5 2. Nf3 Nc6 3. d4 exd4 4. Bc4 Nf6 5. O-O Bc5 6. e5 d5 7. exf6 dxc4 8.
fxg7 Rg8 9. Re1+ Be6 10. Ng5 Rxg7 11. Nxe6 fxe6 12. Qh5+ Kd7 13. Qxc5 Qf6 14.
Nd2 1/2-1/2

[Event "12. Longericher Sommer-Open B"]
[Site "Köln"]
[Date "2015.07.31"]
[Round "1.15"]
[White "van der Valk, Reiner"]
[Black "Nanu, Andreas-Christian"]
[Result "1-0"]
[WhiteElo "1450"]
[BlackElo "1125"]
[Annotator "Schlösser,Fritz"]
[PlyCount "65"]
[EventDate "2015.??.??"]
[WhiteTeam "SG Nettetal"]
[BlackTeam "SG Porz"]

1. e4 c5 2. Nc3 e6 3. f4 d5 4. e5 Ne7 5. Nf3 Nf5 6. Bb5+ Nc6 7. Bxc6+ bxc6 8.
d3 d4 9. Ne4 Ne3 10. Bxe3 dxe3 11. Qe2 Qa5+ 12. Nc3 Qb4 13. Rb1 Qxf4 14. O-O
Ba6 15. b3 Be7 16. Nd1 Rb8 17. Nxe3 c4 18. Nxc4 O-O 19. Nfd2 Qd4+ 20. Kh1 f6
21. exf6 Rxf6 22. Rxf6 Qxf6 23. Rf1 Qh4 24. Qxe6+ Kh8 25. g3 Qg5 26. Ne4 Qd5
27. Qxe7 h6 28. Rf8+ Rxf8 29. Qxf8+ Kh7 30. Qf2 c5 31. Qxc5 Qf7 32. Ncd2 Bb7
33. Kg1 {Ab hier  ist die Notation nicht nachvollziehbar.} 1-0

[Event "12. Longericher Sommer-Open B"]
[Site "Köln"]
[Date "2015.07.31"]
[Round "1.16"]
[White "Jakob, Gudrun"]
[Black "Siepen, Ralf"]
[Result "0-1"]
[WhiteElo "1095"]
[BlackElo "1430"]
[PlyCount "42"]
[EventDate "2015.??.??"]
[WhiteTeam "Klub Kölner SF"]
[BlackTeam "SC Bayer Uerdingen"]

1. e4 c6 2. Nc3 e6 3. Bc4 d5 4. exd5 cxd5 5. Bb3 Nf6 6. d4 Bb4 7. Bg5 Nbd7 8.
a3 Ba5 9. Nge2 h6 10. Bd2 O-O 11. O-O a6 12. Na2 Bc7 13. f4 Ne4 14. Nb4 Re8 15.
c4 dxc4 16. Bxc4 b5 17. Bd3 Bb7 18. Nc1 Ndf6 19. Nb3 Qd5 20. Bxe4 Nxe4 21. Rc1
Nc3 0-1

[Event "12. Longericher Sommer-Open B"]
[Site "Köln"]
[Date "2015.07.31"]
[Round "1.17"]
[White "Kühlwein, Ralf"]
[Black "Reiter, Ute"]
[Result "1-0"]
[WhiteElo "1412"]
[BlackElo "1057"]
[PlyCount "53"]
[EventDate "2015.??.??"]
[WhiteTeam "Klub Kölner SF"]
[BlackTeam "Brühler SK"]

1. d4 d5 2. c4 dxc4 3. e3 e6 4. Bxc4 c5 5. Nf3 Nc6 6. d5 exd5 7. Bxd5 Bd7 8.
Qb3 Nh6 9. Qxb7 Rb8 10. Qa6 Rb6 11. Qc4 Be7 12. Nc3 Nb4 13. Ne4 Nxd5 14. Qxd5
O-O 15. O-O Rg6 16. Ne5 Bh3 17. Nxg6 Qxd5 18. Nxe7+ Kh8 19. Nxd5 Bf5 20. Nxc5
Bc2 21. e4 f5 22. Bxh6 gxh6 23. f3 Rd8 24. Rac1 Bxe4 25. fxe4 fxe4 26. Ne6 Rxd5
27. Rf8# 1-0

[Event "12. Longericher Sommer-Open B"]
[Site "Köln"]
[Date "2015.07.31"]
[Round "1.18"]
[White "Mag, Martina"]
[Black "Toval, David"]
[Result "1-0"]
[WhiteElo "1051"]
[BlackElo "1377"]
[PlyCount "57"]
[EventDate "2015.??.??"]
[WhiteTeam "Ford SF Köln"]
[BlackTeam "SK Münster"]

1. e4 c5 2. Nc3 d6 3. f4 g6 4. Nf3 Bg7 5. Bb5+ Nc6 6. Bxc6+ bxc6 7. O-O Ba6 8.
d3 e6 9. Re1 Ne7 10. e5 d5 11. d4 cxd4 12. Qxd4 O-O 13. Qf2 Nf5 14. Bd2 Qb6 15.
Qxb6 axb6 16. Nd1 c5 17. b4 Ra7 18. Ne3 Nxe3 19. Rxe3 Rfa8 20. bxc5 bxc5 21.
Rb3 Bc4 22. Rb6 Rxa2 23. Rab1 Ra1 24. Rb8+ Bf8 25. Rxa1 Rxa1+ 26. Kf2 Rf1+ 27.
Kg3 Be2 28. f5 Bxf3 29. Bh6 1-0

[Event "12. Longericher Sommer-Open B"]
[Site "Köln"]
[Date "2015.07.31"]
[Round "1.19"]
[White "Hoferichter, Michael"]
[Black "Yu, Moyi"]
[Result "1-0"]
[WhiteElo "1372"]
[BlackElo "1015"]
[PlyCount "45"]
[EventDate "2015.??.??"]
[WhiteTeam "Klub Kölner SF"]
[BlackTeam "Klub Kölner SF"]

1. Nf3 d5 2. d4 Nc6 3. e3 Nf6 4. Bd3 Bg4 5. Nbd2 e6 6. h3 Bxf3 7. Nxf3 Bd6 8.
a3 O-O 9. c4 dxc4 10. Bxc4 e5 11. O-O exd4 12. exd4 Re8 13. Be3 Na5 14. Ba2 h6
15. b4 Nc6 16. Qb3 Qe7 17. Rfe1 Ne4 18. Bb1 Rad8 19. Qc2 b6 20. Nd2 Nf6 21. Nf3
Ne4 22. Qxc6 Nd2 23. Nxd2 1-0

[Event "12. Longericher Sommer-Open B"]
[Site "Köln"]
[Date "2015.07.31"]
[Round "1.20"]
[White "Baltic, Sara"]
[Black "Köllner, Felicitas Ophelia"]
[Result "0-1"]
[WhiteElo "1005"]
[BlackElo "1337"]
[PlyCount "60"]
[EventDate "2015.??.??"]
[WhiteTeam "SG Porz"]
[BlackTeam "SV Bergneustadt/Derschlag"]

1. e4 d6 2. Nf3 Nf6 3. d3 Nbd7 4. Nc3 e5 5. Be3 Be7 6. Be2 O-O 7. h3 c6 8. d4
exd4 9. Bxd4 b5 10. e5 dxe5 11. Bxe5 b4 12. Na4 Qa5 13. b3 Nxe5 14. Nxe5 Qxe5
15. O-O Bd6 16. g3 Bxh3 17. Re1 Qd5 18. Bf3 Qxd1 19. Raxd1 Rfd8 20. Bxc6 Rac8
21. Be4 Nxe4 22. Rxe4 Bf5 23. Re3 Bxc2 24. Rd2 Bf5 25. Nb2 Rc1+ 26. Kg2 Rcc8
27. Nc4 Bf8 28. Rxd8 Rxd8 29. Re5 Be6 30. Re4 Bd5 0-1

[Event "12. Longericher Sommer-Open B"]
[Site "Köln"]
[Date "2015.07.31"]
[Round "1.21"]
[White "Scheffler, Jürgen"]
[Black "Hirsch, Reinhard"]
[Result "1/2-1/2"]
[WhiteElo "1297"]
[BlackElo "995"]
[PlyCount "78"]
[EventDate "2015.??.??"]
[WhiteTeam "SC Prüm"]
[BlackTeam "SK Köln-Worringen"]

1. d4 Nf6 2. c4 g6 3. Nc3 Bg7 4. Nf3 d6 5. Bg5 O-O 6. e3 Nbd7 7. h3 a6 8. Be2
c5 9. d5 h6 10. Bf4 Rb8 11. Rb1 Qa5 12. O-O b5 13. cxb5 axb5 14. Qc1 b4 15. Nd1
Nxd5 16. Bh2 Ba6 17. Bxa6 Qxa6 18. e4 N5f6 19. Re1 Qxa2 20. e5 dxe5 21. Nxe5
Rbc8 22. Nxd7 Nxd7 23. Rxe7 Nb6 24. Ra1 Qc4 25. Bf4 Qxc1 26. Bxc1 Rfe8 27. Raa7
Rxe7 28. Rxe7 Nd5 29. Rd7 Nb6 30. Rb7 Rd8 31. Ne3 Nd7 32. b3 h5 33. Kf1 Ne5 34.
Ke2 Nd3 35. Bd2 Bc3 36. Nc4 Ne5 37. Nxe5 Rxd2+ 38. Ke3 Rd1 39. Nxf7 Re1+
1/2-1/2

[Event "12. Longericher Sommer-Open B"]
[Site "Köln"]
[Date "2015.07.31"]
[Round "1.22"]
[White "Hingst, Dieter Max Otto"]
[Black "Geitner, Alexander"]
[Result "0-1"]
[WhiteElo "896"]
[BlackElo "1264"]
[PlyCount "69"]
[EventDate "2015.??.??"]
[WhiteTeam "Brühler SK"]
[BlackTeam "Brühler SK"]

1. e4 e5 2. Nf3 Nc6 3. Bc4 Nf6 4. Nc3 Nxe4 5. Nxe4 d5 6. Nxe5 Nxe5 7. d3 dxc4
8. dxc4 Qxd1+ 9. Kxd1 Nxc4 10. Re1 Be6 11. Ng5 O-O-O+ 12. Ke2 h6 13. Nxe6 fxe6
14. b3 Nb6 15. Be3 Bb4 16. Rf1 Nd5 17. Bd4 Rhg8 18. c4 Nf4+ 19. Ke3 Nxg2+ 20.
Ke4 Nh4 21. Bxa7 b6 22. a4 Kb7 23. Bxb6 cxb6 24. Rad1 Ng6 25. Rxd8 Rxd8 26. Rg1
Ne7 27. Rxg7 Kc6 28. Rh7 Ng8 29. Ke5 Re8 30. h4 Bd6+ 31. Kd4 Bc5+ 32. Kc3 Bxf2
33. Ra7 Bxh4 34. a5 bxa5 35. Rxa5 0-1

[Event "12. Longericher Sommer-Open B"]
[Site "Köln"]
[Date "2015.07.31"]
[Round "1.23"]
[White "Mohammadi Nia, Nosratollah"]
[Black "Klemenz, Luca"]
[Result "0-1"]
[WhiteElo "1231"]
[BlackElo "782"]
[PlyCount "118"]
[EventDate "2015.??.??"]
[WhiteTeam "DJK Aufwärts Aachen"]
[BlackTeam "SF Esch"]

1. d4 Nf6 2. Nc3 d5 3. Bf4 c6 4. Nf3 Bf5 5. e3 e6 6. Be2 Bb4 7. O-O Ne4 8. Nxe4
Bxe4 9. c3 Bd6 10. Bxd6 Qxd6 11. Qb3 Qc7 12. Qb4 Nd7 13. Ng5 Bg6 14. f4 h6 15.
Nf3 c5 16. dxc5 Nxc5 17. Qb5+ Qc6 18. Ne5 Qxb5 19. Bxb5+ Ke7 20. Nxg6+ fxg6 21.
b4 Ne4 22. Rac1 Rac8 23. c4 a6 24. Ba4 Rxc4 25. Rxc4 dxc4 26. Rd1 Nc3 27. Rd7+
Ke8 28. Rxb7+ Nxa4 29. Rb8+ Kd7 30. Rxh8 c3 31. Rf8 c2 32. Rf7+ Kd6 33. Kf2
c1=Q 34. Ra7 Qd2+ 35. Kf3 Qxb4 36. Rxa6+ Kd5 37. Ra7 Qe4+ 38. Kf2 Nc3 39. Rd7+
Kc4 40. Rd4+ Qxd4 41. exd4 Kxd4 42. Kf3 Nxa2 43. g4 g5 44. h3 Nb4 45. Kg3 Nd5
46. f5 exf5 47. gxf5 Ke5 48. Kg4 Nf6+ 49. Kg3 Kxf5 50. h4 gxh4+ 51. Kxh4 g5+
52. Kg3 Ne4+ 53. Kh3 Kf4 54. Kg2 h5 55. Kh3 g4+ 56. Kh4 g3 57. Kh3 Kf3 58. Kh4
g2 59. Kxh5 g1=Q 0-1

[Event "12. Longericher Sommer-Open B"]
[Site "Köln"]
[Date "2015.08.01"]
[Round "2.1"]
[White "Leschin, Hendrik"]
[Black "Kürten, Lothar"]
[Result "1/2-1/2"]
[WhiteElo "1699"]
[BlackElo "1606"]
[PlyCount "46"]
[EventDate "2015.??.??"]
[WhiteTeam "SF Köln-Mülheim"]
[BlackTeam "SF Köln-Longerich"]

1. c4 Nf6 2. g3 e6 3. Bg2 d5 4. Nf3 Nbd7 5. b3 Be7 6. Bb2 c6 7. O-O O-O 8. Qc2
b6 9. d3 Bb7 10. Nbd2 Rc8 11. e4 dxe4 12. dxe4 c5 13. Rad1 Qc7 14. e5 Ng4 15.
Rfe1 Rfe8 16. h3 Nh6 17. Ne4 Rcd8 18. Neg5 Nf8 19. g4 Ng6 20. Ne4 Rxd1 21. Rxd1
Rd8 22. Rxd8+ Qxd8 23. Nfd2 Kh8 1/2-1/2

[Event "12. Longericher Sommer-Open B"]
[Site "Köln"]
[Date "2015.08.01"]
[Round "2.2"]
[White "Falge, Rainer"]
[Black "Margenberg, Volker"]
[Result "0-1"]
[WhiteElo "1572"]
[BlackElo "1693"]
[PlyCount "40"]
[EventDate "2015.??.??"]
[WhiteTeam "SG Solingen"]
[BlackTeam "SV Wiehl"]

1. e4 e6 2. Nf3 d5 3. exd5 exd5 4. Be2 Nf6 5. d4 Bd6 6. Bg5 h6 7. Bh4 Bf5 8.
Nc3 c6 9. Qd2 Qc7 10. Bxf6 gxf6 11. Qe3+ Be6 12. g3 Nd7 13. a3 O-O-O 14. O-O-O
f5 15. Na4 Qa5 16. Qb3 Nf6 17. Nd2 Ne4 18. Rhf1 b5 19. Nxe4 dxe4 20. d5 bxa4
0-1

[Event "12. Longericher Sommer-Open B"]
[Site "Köln"]
[Date "2015.08.01"]
[Round "2.3"]
[White "Pislaru, Marius"]
[Black "Sewald, Richard"]
[Result "1/2-1/2"]
[WhiteElo "1556"]
[BlackElo "1665"]
[PlyCount "108"]
[EventDate "2015.??.??"]
[WhiteTeam "SG Porz"]
[BlackTeam "SG Porz"]

1. Nf3 Nf6 2. c4 d6 3. d4 g6 4. g3 Bg7 5. Bg2 c6 6. O-O O-O 7. Nc3 Nbd7 8. e4
e5 9. dxe5 Nxe5 10. Nxe5 dxe5 11. Qc2 Qc7 12. Be3 Be6 13. b3 Ng4 14. Bc5 Rfd8
15. h3 Nf6 16. Rad1 b6 17. Be3 Ne8 18. g4 Rxd1 19. Rxd1 Rd8 20. c5 b5 21. Rd3
Rd7 22. Qd2 Qd8 23. Rxd7 Qxd7 24. Qxd7 Bxd7 25. Ne2 Nc7 26. a3 Ne6 27. Kf1 Kf8
28. Ke1 Ke8 29. Kd2 Kd8 30. Kc3 Kc8 31. Kb4 Kb7 32. a4 a6 33. a5 h6 34. Ka3 g5
35. Ng3 Nf4 36. Bf1 Be6 37. f3 Bf8 38. b4 Bg7 39. Nf5 Bxf5 40. exf5 Nd5 41. Bd2
Kc8 42. Bd3 Bf6 43. Be4 Kd7 44. Kb3 Nc7 45. Kc3 Ne8 46. Kd3 Ng7 47. Bc3 h5 48.
Ke3 hxg4 49. fxg4 Ne8 50. Bb1 Bg7 51. Kf3 f6 52. Ba2 Nc7 53. Ke4 Bh8 54. Be1
Ke7 1/2-1/2

[Event "12. Longericher Sommer-Open B"]
[Site "Köln"]
[Date "2015.08.01"]
[Round "2.4"]
[White "Liebsch, Ulrich"]
[Black "Gail, Edgar"]
[Result "1-0"]
[WhiteElo "1659"]
[BlackElo "1529"]
[PlyCount "61"]
[EventDate "2015.??.??"]
[WhiteTeam "SC Bayer Leverkusen"]
[BlackTeam "Klub Kölner SF"]

1. c4 e6 2. Nc3 d5 3. cxd5 exd5 4. d4 c5 5. Nf3 Nc6 6. dxc5 Nf6 7. Bg5 Bxc5 8.
Bxf6 Qxf6 9. Qxd5 Bb4 10. Qe4+ Be6 11. Rc1 O-O 12. a3 Ba5 13. e3 Rfe8 14. Bd3
g6 15. Qh4 Qg7 16. O-O Rad8 17. Bb5 Bxc3 18. Rxc3 Bd5 19. Bxc6 Bxc6 20. Nd4 Re4
21. Qg3 Bd7 22. h3 Qh6 23. Rfc1 Rh4 24. Nf3 Rh5 25. Rd1 Kf8 26. Rcd3 Ke8 27.
Ne5 Bxh3 28. Rxd8+ Ke7 29. Qf4 Qg7 30. gxh3 Rxe5 31. R1d7+ 1-0

[Event "12. Longericher Sommer-Open B"]
[Site "Köln"]
[Date "2015.08.01"]
[Round "2.5"]
[White "Vjazner, Lilian"]
[Black "Plitt, Stefan"]
[Result "1-0"]
[WhiteElo "1465"]
[BlackElo "1655"]
[PlyCount "66"]
[EventDate "2015.??.??"]
[WhiteTeam "Klub Kölner SF"]
[BlackTeam "SV Grünfeld"]

1. e4 d5 2. exd5 Nf6 3. d4 Bg4 4. Be2 Bxe2 5. Nxe2 Qxd5 6. O-O Nc6 7. Nbc3 Qh5
8. Ng3 Qxd1 9. Rxd1 O-O-O 10. Nge2 e6 11. Bf4 h6 12. Nb5 Nd5 13. Bg3 a6 14. Na3
Bxa3 15. bxa3 Nde7 16. f3 b6 17. Rab1 Kb7 18. a4 h5 19. Be1 e5 20. dxe5 Nxe5
21. Rdc1 N7c6 22. a5 Nc4 23. axb6 cxb6 24. Bf2 Rhe8 25. Nc3 b5 26. a4 b4 27.
Ne4 a5 28. c3 N4e5 29. Nc5+ Ka8 30. cxb4 Nxb4 31. Nb3 Nbc6 32. Rc5 Rb8 33. f4
Rxb3 1-0